Stades de Bundesliga (2024-2025) - Statistiques

Statistiques générales
  • Ce quiz a été pris 38 fois
  • Le résultat moyen est 7 sur 18
Statistiques - réponses
Équipe Stade Capacité % Correct
Bayern Munich Allianz Arena 75 000
100%
Borussia Dortmund Signal Iduna Park 81 359
88%
Bayer Leverkusen BayArena 30 210
84%
RB Leipzig Red Bull Arena 44 345
68%
Borussia Mönchengladbach Borussia Park 54 067
56%
VfB Stuttgart Mercedes-Benz Arena 60 441
56%
Eintracht Francfort Commerzbank Arena 51 500
36%
SC Fribourg Europa-Park Stadion 34 700
36%
VfL Wolfsburg Volkswagen Arena 30 000
28%
Union Berlin An der Alten Försterei 22 012
24%
Hoffenheim PreZero Arena 30 150
20%
Mayence 05 MEWA Arena 34 034
16%
Werder Brême Wohninvest Wesertadion 42 500
16%
FC Augsbourg WWK Arena 30 660
16%
FC Sankt-Pauli Millerntor-Stadion 29 546
12%
Holstein Kiel Holstein-Stadion 15 034
8%
VfL Bochum Vonovia Ruhrstadion 29 299
4%
Heidenheim Voith-Arena 15 000
0%
Aucun quiz correspondant
Distribution des résultats
% des personnes avec chaque résultat
Percentile par nombre de réponses
Votre historique - résultats
Vous n’avez pas pris ce quiz